Statistiques concernant Pays avec le pourcentage le plus important de forêt

Cliquez ici pour prendre le quiz!

Statistiques générales

  • Ce quiz a été pris 74 fois
  • Le résultat moyen est 5 sur 15

Statistiques - réponses

Pourcentage ( % )Réponse% Correct
69.00Finlande
66%
74.90Suède
65%
70.26Guyana
58%
90.20Suriname
58%
85.00Gabon
46%
71.60Laos
37%
89.12Tuvalu
31%
67.00Japon
28%
89.74Micronésie
26%
87.15Palaos
25%
78.00Mozambique
23%
71.98Belize
20%
66.35Zimbabwe
18%
89.45Seychelles
17%
79.00Iles Salomon
12%

Distribution des résultats

Percentile par nombre de réponses

% des personnes avec chaque résultat

Votre développement - résultats

Vous n’avez pas pris ce quiz